Statistics for Anagram Challenge #1

Click here to take the quiz!

General Stats

  • This quiz has been taken 109 times
  • The average score is 19 of 30

Answer Stats

Hint Answer % Correct
Kleenex, egTissue
92%
TwelveDozen
91%
Hotel unitsSuites
82%
Howling beastsWolves
81%
Dead bodiesCorpses
79%
A's, O's and U's, egVowels
78%
GerrymanderedZoned
77%
Every oneEach
76%
ElevationHeight
74%
Dull painAche
74%
Walking aidCane
73%
Teen's woeAcne
72%
Escobar's drugCocaine
72%
12.5 percentEighth
71%
Young adultTeenager
69%
Babel, egTower
62%
Produce electricityGenerate
62%
Put pen to paperWrote
60%
Of the seaOceanic
59%
Sousa's month?March
58%
MethodProcess
58%
BewitchCharm
56%
University sermons?Lectures
55%
Bible portionTestament
53%
DeclarationStatement
42%
Castle hangingsTapestries
35%
X-rated danceStriptease
28%
Most spitefulCruelest
27%
Against the currentUpstream
26%
Japanese dishesTempuras
13%

Score Distribution

Percentile by Number Answered

Percent of People with Each Score

Your Score History

You have not taken this quiz